35 câu hỏi đáp về nuôi cá rô phi

Các câu hỏi đáp về cá rô phi như nguồn gốc, nhận biết, đặc điểm sinh sản, nuôi cá rô phi ở các môi trường khác nhau? bệnh cá rô phi,...

שמור ב:
מידע ביבליוגרפי
מחבר ראשי: Trần, Văn Vỹ
פורמט: ספר
שפה:Undetermined
יצא לאור: Hà Nội Nông nghiệp 2005
נושאים:
תגים: הוספת תג
אין תגיות, היה/י הראשונ/ה לתייג את הרשומה!
Thư viện lưu trữ: Trung tâm Học liệu Trường Đại học Cần Thơ
LEADER 00790nam a2200217Ia 4500
001 CTU_97116
008 210402s9999 xx 000 0 und d
020 |c 7000 
082 |a 639.31 
082 |b V600 
100 |a Trần, Văn Vỹ 
245 0 |a 35 câu hỏi đáp về nuôi cá rô phi 
245 0 |c Trần Văn Vỹ 
260 |a Hà Nội 
260 |b Nông nghiệp 
260 |c 2005 
520 |a Các câu hỏi đáp về cá rô phi như nguồn gốc, nhận biết, đặc điểm sinh sản, nuôi cá rô phi ở các môi trường khác nhau? bệnh cá rô phi,... 
650 |a Fish,Freshwater fishes 
650 |x Culture 
904 |i Tuyến 
980 |a Trung tâm Học liệu Trường Đại học Cần Thơ